MARC

LEADER 00000nam0a2200000 4500
001 376581
005 20231101052022.0
010 |a 523004716X 
020 |a RU  |b 91-28417 
035 |a (RuTPU)RU\TPU\retro\34021 
035 |a RU\TPU\book\207886 
090 |a 376581 
100 |a 20221223d1991 m a0rusy5003 ca 
101 0 |a rus 
102 |a RU 
105 |a a j 001zy 
200 1 |a Электроника и микросхемотехника  |e Текст лекций  |f А. С. Грибакин  |g Владимирский политехнический институт (ВПИ) 
210 |a Владимир  |c Изд-во Владимирского политехнического ин-та  |d 1991 
215 |a 56 с.  |c ил.  |d 20 см 
610 1 |a усилители электронные 
610 1 |a стабилизаторы напряжения 
610 1 |a электроника 
610 1 |a микросхемотехника 
610 1 |a режим покоя 
610 1 |a каскады 
610 1 |a каскады предварительного усилия 
610 1 |a стабилизаторы напряжения 
610 1 |a стабилизаторы постоянного тока 
610 1 |a компенсационные стабилизаторы 
610 1 |a учебные пособия 
610 1 |a лекции 
675 |a 621.38(075.8)  |z rus  |v 3 
675 |a 621.382.049.77(075.8)  |v 3 
700 1 |a Грибакин  |b А. С.  |g Александр Семенович  |4 070 
712 0 2 |a Владимирский политехнический институт (ВПИ)  |c (1969-1993)  |2 stltpush  |3 (RuTPU)RU\TPU\col\319 
801 0 |a RU  |b RuMRKP  |c 19950417  |g psbo 
801 1 |a RU  |b 63413507  |c 20110127 
801 2 |a RU  |b 63413507  |c 20221223  |g RCR 
942 |c BK